[Event "CP-2013-P-00011"]
[Site "LSS email"]
[Date "2013.09.30"]
[Round "?"]
[White "Lindstrom, Timothy"]
[Black "Filin, Evgeny Konstantinov"]
[Result "0-1"]
[WhiteElo "1407"]
[BlackElo "1702"]
[PlyCount "54"]
[EventDate "2013.10.01"]
[EventType "tourn (corr)"]
[EventRounds "6"]
[EventCountry "GER"]
[SourceTitle "Telechess CBM 167"]
[Source "ChessBase"]
[SourceDate "2015.07.13"]
[SourceVersion "1"]
[SourceVersionDate "2015.07.13"]
[SourceQuality "1"]

1. d4 Nf6 2. c4 e6 3. Nc3 Bb4 4. e3 b6 5. Nf3 Bb7 6. Bd2 Bxc3 7. Bxc3 Ne4 8. Bb4 d6 9. Bd3 a5 10. Ba3 Nd7 11. 0-0 0-0 12. Nd2 f5 13. f3 Nxd2 14. Qxd2 Rf6 15. e4 fxe4 16. Bxe4 Bxe4 17. fxe4 h6 18. b3 a4 19. b4 Qe7 20. Rxf6 Qxf6 21. Rf1 Qg6 22. Re1 Rf8 23. e5 dxe5 24. dxe5 Rf3 25. Bc1 Rd3 26. Qc2 Qf5 27. Bb2 c5 0-1

[Event "CP-2013-P-00011"]
[Site "LSS email"]
[Date "2013.09.30"]
[Round "?"]
[White "Lindstrom, Timothy"]
[Black "Frijling, Jeroen"]
[Result "0-1"]
[WhiteElo "1407"]
[BlackElo "2097"]
[PlyCount "50"]
[EventDate "2013.10.01"]
[EventType "tourn (corr)"]
[EventRounds "6"]
[EventCountry "GER"]
[SourceTitle "Telechess CBM 167"]
[Source "ChessBase"]
[SourceDate "2015.07.13"]
[SourceVersion "1"]
[SourceVersionDate "2015.07.13"]
[SourceQuality "1"]

1. d4 Nf6 2. c4 c6 3. Nc3 d5 4. cxd5 cxd5 5. Bg5 Nc6 6. e3 Ne4 7. Bf4 g5 8. Bg3 h5 9. Nxe4 dxe4 10. h4 e5 11. Ne2 exd4 12. exd4 Bg4 13. Qc2 Bb4+ 14. Nc3 0-0 15. Rc1 Nxd4 16. Qd2 Re8 17. hxg5 e3 18. fxe3 Qxg5 19. Bf2 Nf5 20. Be2 Nxe3 21. Bxe3 Rxe3 22. 0-0 Rd8 23. Qc2 Rxc3 24. bxc3 Bc5+ 25. Rf2 Rd2 0-1

[Event "CP-2013-P-00011"]
[Site "LSS email"]
[Date "2013.09.30"]
[Round "?"]
[White "Lindstrom, Timothy"]
[Black "Tarmak, Mart"]
[Result "0-1"]
[WhiteElo "1407"]
[BlackElo "2060"]
[PlyCount "36"]
[EventDate "2013.10.01"]
[EventType "tourn (corr)"]
[EventRounds "6"]
[EventCountry "GER"]
[SourceTitle "Telechess CBM 167"]
[Source "ChessBase"]
[SourceDate "2015.07.13"]
[SourceVersion "1"]
[SourceVersionDate "2015.07.13"]
[SourceQuality "1"]

1. d4 d6 2. c4 e5 3. Nf3 e4 4. Ng5 f5 5. Nc3 Be7 6. Nh3 Nf6 7. Bf4 h6 8. e3 g5 9. Bg3 Be6 10. Qb3 Nbd7 11. Qxb7 0-0 12. Nb5 a6 13. Nxc7 Rb8 14. Qxa6 Qxc7 15. Qa3 Qb7 16. b3 f4 17. exf4 e3 18. fxe3 Bxh3 0-1

[Event "CP-2013-P-00011"]
[Site "LSS email"]
[Date "2013.09.30"]
[Round "?"]
[White "Oliynyk, Valery"]
[Black "Lindstrom, Timothy"]
[Result "1-0"]
[WhiteElo "2205"]
[BlackElo "1407"]
[PlyCount "65"]
[EventDate "2013.10.01"]
[EventType "tourn (corr)"]
[EventRounds "6"]
[EventCountry "GER"]
[SourceTitle "Telechess CBM 167"]
[Source "ChessBase"]
[SourceDate "2015.07.13"]
[SourceVersion "1"]
[SourceVersionDate "2015.07.13"]
[SourceQuality "1"]

1. e4 c5 2. f4 d5 3. exd5 Nf6 4. Bb5+ Nbd7 5. Nc3 a6 6. Be2 Nb6 7. Nf3 Nbxd5 8. Nxd5 Nxd5 9. d4 cxd4 10. Qxd4 Bf5 11. Bd2 Bxc2 12. Rc1 Bf5 13. Nh4 Bc8 14. Bf3 e6 15. Nf5 Qf6 16. Qxf6 Nxf6 17. Ne3 Be7 18. Bc3 0-0 19. Kf2 Rd8 20. Rhd1 Rxd1 21. Rxd1 Kf8 22. Bd4 Nd7 23. Nc4 Rb8 24. a3 h6 25. b4 g6 26. Ne5 Nxe5 27. Bxe5 Ra8 28. Rc1 Ke8 29. Rc3 f6 30. Bd4 Bd6 31. Bxf6 Bxf4 32. Be4 e5 33. Rc7 1-0

[Event "CP-2013-P-00011"]
[Site "LSS email"]
[Date "2013.09.30"]
[Round "?"]
[White "Razo, Ryan Jose"]
[Black "Lindstrom, Timothy"]
[Result "1-0"]
[WhiteElo "1294"]
[BlackElo "1407"]
[PlyCount "43"]
[EventDate "2013.10.01"]
[EventType "tourn (corr)"]
[EventRounds "6"]
[EventCountry "GER"]
[SourceTitle "Telechess CBM 167"]
[Source "ChessBase"]
[SourceDate "2015.07.13"]
[SourceVersion "1"]
[SourceVersionDate "2015.07.13"]
[SourceQuality "1"]

1. d4 Nf6 2. c4 g6 3. Nc3 d6 4. e4 Bg7 5. Be2 Nbd7 6. Nf3 0-0 7. 0-0 c5 8. d5 Nb6 9. h3 Bd7 10. Be3 Qc7 11. Re1 Rfe8 12. a4 a6 13. a5 Nc8 14. Qd2 b6 15. axb6 Nxb6 16. Ra3 Bc8 17. Rea1 Rb8 18. Qc1 Nbd7 19. R1a2 Rb4 20. Ne1 Ne5 21. b3 e6 22. f4 1-0

[Event "SD-2013-0-00169"]
[Site "LSS email"]
[Date "2013.07.14"]
[Round "?"]
[White "Lindstrom, Timothy"]
[Black "Gonzalez Morales, Eduardo Ivan"]
[Result "0-1"]
[WhiteElo "1407"]
[BlackElo "1289"]
[PlyCount "46"]
[EventDate "2013.05.21"]
[EventType "tourn (corr)"]
[EventRounds "6"]
[EventCountry "GER"]
[SourceTitle "Telechess CBM 167"]
[Source "ChessBase"]
[SourceDate "2015.07.13"]
[SourceVersion "1"]
[SourceVersionDate "2015.07.13"]
[SourceQuality "1"]

1. e4 e6 2. d4 d5 3. Nd2 Nf6 4. e5 Nfd7 5. Bd3 c5 6. c3 Nc6 7. Ne2 cxd4 8. cxd4 f6 9. exf6 Qxf6 10. Nf3 h6 11. 0-0 Bd6 12. Nc3 0-0 13. Be3 a6 14. a3 Ne7 15. Rc1 e5 16. Nxe5 Nxe5 17. dxe5 Bxe5 18. f4 Bd6 19. Nxd5 Nxd5 20. Bc4 Be6 21. Bxd5 Rab8 22. Bd4 Qf7 23. Bxe6 Qxe6 0-1

[Event "BI-2013-P-00008"]
[Site "LSS email"]
[Date "2013.04.22"]
[Round "?"]
[White "Lindstrom, Timothy"]
[Black "Boehme, Sebastian"]
[Result "0-1"]
[WhiteElo "1446"]
[BlackElo "2309"]
[PlyCount "80"]
[EventDate "2013.04.25"]
[EventType "tourn (corr)"]
[EventRounds "12"]
[EventCountry "GER"]
[SourceTitle "Telechess CBM 161"]
[Source "ChessBase"]
[SourceDate "2014.07.16"]
[SourceVersion "1"]
[SourceVersionDate "2014.07.16"]
[SourceQuality "1"]

1. c4 Nf6 2. d4 e6 3. Nc3 Bb4 4. Bd2 b6 5. e3 Bb7 6. Nf3 Bxc3 7. Bxc3 Ne4 8. Bb4 a5 9. Ba3 d6 10. Bd3 0-0 11. 0-0 f5 12. Nd2 Nd7 13. f3 Nxd2 14. Qxd2 Rf6 15. e4 fxe4 16. fxe4 c5 17. Bc2 e5 18. d5 a4 19. Qe2 Rxf1+ 20. Rxf1 Nf6 21. Rf3 Bc8 22. Rf2 Qe8 23. Rf1 Nh5 24. Qf3 Nf4 25. Bd1 Ba6 26. b3 axb3 27. axb3 b5 28. b4 bxc4 29. bxc5 c3 30. Re1 Nd3 31. Rf1 Nxc5 32. Re1 Nd3 33. Rf1 Nf4 34. Re1 Qg6 35. Qg4 Qxg4 36. Bxg4 Bc8 37. Bxc8 Rxa3 38. g3 c2 39. Bd7 Rb3 40. Ba4 Rb1 0-1

[Event "BI-2013-P-00008"]
[Site "LSS email"]
[Date "2013.04.22"]
[Round "?"]
[White "Lindstrom, Timothy"]
[Black "Flores, Luis"]
[Result "0-1"]
[WhiteElo "1446"]
[BlackElo "2133"]
[PlyCount "86"]
[EventDate "2013.04.25"]
[EventType "tourn (corr)"]
[EventRounds "12"]
[EventCountry "GER"]
[SourceTitle "Telechess CBM 161"]
[Source "ChessBase"]
[SourceDate "2014.07.16"]
[SourceVersion "1"]
[SourceVersionDate "2014.07.16"]
[SourceQuality "1"]

1. c4 e5 2. Nc3 Nf6 3. Nf3 Nc6 4. g3 Bb4 5. Bg2 0-0 6. 0-0 e4 7. Ng5 Bxc3 8. bxc3 Re8 9. f3 e3 10. dxe3 Qe7 11. e4 Qc5+ 12. Kh1 d6 13. Qd3 h6 14. Be3 Qa5 15. Nh3 Ne5 16. Qd4 Bxh3 17. Bxh3 Rad8 18. Qxa7 Qxa7 19. Bxa7 b6 20. Rfb1 Nxc4 21. a4 Ra8 22. Bxb6 cxb6 23. Rb4 d5 24. exd5 Ne3 25. Rxb6 Nfxd5 26. Rb3 Nc2 27. Rab1 Rxe2 28. Bf1 Rd2 29. Bb5 Nde3 30. h3 Nd1 31. Bc6 Nf2+ 32. Kg1 Nxh3+ 33. Kh1 Nf2+ 34. Kg1 Ra6 35. Be8 Nh3+ 36. Kh1 Rg6 37. g4 Nf2+ 38. Kg1 Rf6 39. Rb8 Nh3+ 40. Kh1 Kh7 41. R8b7 Nf2+ 42. Kg1 Rxf3 43. Rd7 Nd3 0-1

[Event "BI-2013-P-00008"]
[Site "LSS email"]
[Date "2013.04.22"]
[Round "?"]
[White "Lindstrom, Timothy"]
[Black "Leonov, Aleksandr"]
[Result "1-0"]
[WhiteElo "1446"]
[BlackElo "1037"]
[PlyCount "91"]
[EventDate "2013.04.25"]
[EventType "tourn (corr)"]
[EventRounds "12"]
[EventCountry "GER"]
[SourceTitle "Telechess CBM 161"]
[Source "ChessBase"]
[SourceDate "2014.07.16"]
[SourceVersion "1"]
[SourceVersionDate "2014.07.16"]
[SourceQuality "1"]

1. c4 d5 2. d4 Nf6 3. cxd5 Qxd5 4. Nc3 Qd8 5. Nf3 e6 6. g3 Bb4 7. Bg2 0-0 8. 0-0 Nc6 9. a3 Ba5 10. Na4 Nd5 11. b4 Bb6 12. b5 Nce7 13. Nxb6 axb6 14. e4 Nc3 15. Qd3 Na4 16. Rd1 c6 17. Rb1 c5 18. Be3 Bd7 19. dxc5 bxc5 20. Ne5 Bxb5 21. Qxb5 Qc7 22. Qxb7 Qxe5 23. Qxe7 Nc3 24. Qxc5 Qxc5 25. Bxc5 Nxd1 26. Bxf8 Kxf8 27. Rxd1 Rxa3 28. f4 Ke7 29. Rc1 e5 30. Rc7+ Kf8 31. fxe5 Ra5 32. e6 fxe6 33. Kf2 Kg8 34. Bf1 Ra2+ 35. Be2 h6 36. Re7 Ra4 37. Rxe6 Kf7 38. Re5 Kf6 39. Rf5+ Ke6 40. Ke3 g6 41. Rb5 Ra3+ 42. Kd4 Kf6 43. e5+ Kf5 44. Bd3+ Ke6 45. Bc4+ Ke7 46. Rb8 1-0

[Event "BI-2013-P-00008"]
[Site "LSS email"]
[Date "2013.04.22"]
[Round "?"]
[White "Lindstrom, Timothy"]
[Black "Thurrott, Allan"]
[Result "0-1"]
[WhiteElo "1446"]
[BlackElo "2057"]
[PlyCount "48"]
[EventDate "2013.04.25"]
[EventType "tourn (corr)"]
[EventRounds "12"]
[EventCountry "GER"]
[SourceTitle "Telechess CBM 161"]
[Source "ChessBase"]
[SourceDate "2014.07.16"]
[SourceVersion "1"]
[SourceVersionDate "2014.07.16"]
[SourceQuality "1"]

1. c4 e5 2. Nc3 Nf6 3. Nf3 Nc6 4. g3 Bb4 5. Bg2 0-0 6. Qc2 Re8 7. 0-0 e4 8. Ng5 Bxc3 9. dxc3 Qe7 10. Nh3 Ne5 11. Bg5 Neg4 12. Rae1 Qc5 13. b4 Qxc4 14. f3 h6 15. fxg4 hxg5 16. Qb3 Qxb3 17. axb3 Re5 18. Rxf6 gxf6 19. Nf2 d5 20. c4 Be6 21. h4 Kg7 22. e3 a5 23. bxa5 Rxa5 24. cxd5 Bxd5 0-1

[Event "SE-2013-0-00137"]
[Site "LSS email"]
[Date "2013.03.31"]
[Round "?"]
[White "Lindstrom, Timothy"]
[Black "Bieszk, Stanislaw"]
[Result "1-0"]
[WhiteElo "1449"]
[BlackElo "923"]
[PlyCount "51"]
[EventDate "2013.02.12"]
[EventType "tourn (corr)"]
[EventRounds "6"]
[EventCountry "GER"]
[SourceTitle "Telechess CBM 163"]
[Source "ChessBase"]
[SourceDate "2014.11.11"]
[SourceVersion "2"]
[SourceVersionDate "2014.11.11"]
[SourceQuality "1"]

1. e4 c5 2. Nf3 d6 3. d4 cxd4 4. Nxd4 Nf6 5. Nc3 a6 6. Bg5 e6 7. Bc4 Be7 8. 0-0 b5 9. Bd3 Bb7 10. Re1 b4 11. Nb1 0-0 12. a3 Qa5 13. Bd2 d5 14. e5 Nfd7 15. Qg4 g6 16. h3 h5 17. Qg3 Nc6 18. Nxc6 Bxc6 19. Bxg6 Bb5 20. Bh6 Kh8 21. Bh7 Rg8 22. Bxg8 Rxg8 23. Qf3 bxa3 24. Bd2 Qc7 25. Qxh5+ Kg7 26. Qh6# 1-0

[Event "SE-2013-0-00137"]
[Site "LSS email"]
[Date "2013.03.29"]
[Round "?"]
[White "Lindstrom, Timothy"]
[Black "Gilardi, Oscar"]
[Result "1-0"]
[WhiteElo "1449"]
[BlackElo "1233"]
[PlyCount "40"]
[EventDate "2013.02.12"]
[EventType "tourn (corr)"]
[EventRounds "6"]
[EventCountry "GER"]
[SourceTitle "Telechess CBM 163"]
[Source "ChessBase"]
[SourceDate "2014.11.11"]
[SourceVersion "2"]
[SourceVersionDate "2014.11.11"]
[SourceQuality "1"]

1. e4 c5 2. Nf3 Nc6 3. d4 cxd4 4. Nxd4 Nf6 5. Nc3 e5 6. Ndb5 d6 7. Nd5 Nxd5 8. exd5 Nb8 9. c4 Be7 10. Bd3 0-0 11. 0-0 a6 12. Nc3 f5 13. Re1 Nd7 14. b3 e4 15. Bc2 Bf6 16. Bb2 b5 17. cxb5 axb5 18. b4 Nb6 19. Bb3 Bb7 20. Rb1 Nc4 1-0

[Event "SE-2013-0-00137"]
[Site "LSS email"]
[Date "2013.03.27"]
[Round "?"]
[White "Lindstrom, Timothy"]
[Black "Metz, Larry R"]
[Result "1/2-1/2"]
[WhiteElo "1449"]
[BlackElo "1398"]
[PlyCount "119"]
[EventDate "2013.02.12"]
[EventType "tourn (corr)"]
[EventRounds "6"]
[EventCountry "GER"]
[SourceTitle "Telechess CBM 163"]
[Source "ChessBase"]
[SourceDate "2014.11.11"]
[SourceVersion "2"]
[SourceVersionDate "2014.11.11"]
[SourceQuality "1"]

1. d4 Nf6 2. c4 e6 3. Nc3 Be7 4. e4 d6 5. Nf3 0-0 6. Bd3 Nc6 7. 0-0 e5 8. d5 Nb4 9. Bb1 a5 10. a3 Na6 11. h3 Bd7 12. Be3 c6 13. Bc2 Qc7 14. Qd2 cxd5 15. cxd5 Rfc8 16. Rac1 Qd8 17. Rfe1 h6 18. Ne2 Nc5 19. Ng3 a4 20. Qe2 Rc7 21. Bb1 Rac8 22. Rc3 b6 23. Rec1 Nb3 24. R1c2 Rxc3 25. Rxc3 Rxc3 26. bxc3 Qc7 27. c4 Nh7 28. Bc2 Na5 29. Bd3 Bd8 30. Nf1 Nf8 31. N1d2 Ng6 32. Qe1 Nb7 33. Qd1 Na5 34. Ne1 Bg5 35. Bxg5 hxg5 36. Bf1 Qc5 37. Qb1 Nf4 38. Nd3 Nxd3 39. Qxd3 g4 40. h4 Qd4 41. Qxd4 exd4 42. Bd3 Nb3 43. Nxb3 axb3 44. Kf1 g6 45. Ke2 f5 46. exf5 gxf5 47. Kd2 Kg7 48. Kc1 Kg6 49. Kb2 Ba4 50. Be2 Kf6 51. Bd1 Ke5 52. h5 Kf6 53. h6 Kg6 54. Bxb3 Bd7 55. Kc2 f4 56. Kd3 Kxh6 57. Kxd4 Kg5 58. g3 f3 59. Ke3 Kf5 60. Bc2+ 1/2-1/2

[Event "OP-2013-0-02699"]
[Site "LSS email"]
[Date "2013.03.24"]
[Round "?"]
[White "Ederer, Karel"]
[Black "Lindstrom, Timothy"]
[Result "1-0"]
[WhiteElo "2005"]
[BlackElo "1446"]
[PlyCount "53"]
[EventDate "2013.03.19"]
[EventType "tourn (corr)"]
[EventRounds "4"]
[EventCountry "GER"]
[SourceTitle "Telechess CBM 161"]
[Source "ChessBase"]
[SourceDate "2014.07.16"]
[SourceVersion "1"]
[SourceVersionDate "2014.07.16"]
[SourceQuality "1"]

1. d4 Nf6 2. c4 g6 3. Nc3 Bg7 4. e4 d6 5. Nf3 0-0 6. Be2 Na6 7. 0-0 c5 8. e5 dxe5 9. dxe5 Ng4 10. Bf4 f6 11. Qxd8 Rxd8 12. exf6 Nxf6 13. Rad1 Rf8 14. a3 Bf5 15. Rfe1 Bc2 16. Rc1 Bf5 17. Ne5 Bh6 18. Bxh6 Rfe8 19. g4 Bc8 20. Nb5 Nd7 21. Bf3 Nb6 22. b3 Rd8 23. Rcd1 Re8 24. a4 Rb8 25. a5 Na8 26. Bd5+ e6 27. Nd6 1-0

[Event "OP-2013-0-02699"]
[Site "LSS email"]
[Date "2013.03.24"]
[Round "?"]
[White "Lindstrom, Timothy"]
[Black "Huseby, Juan Carlos"]
[Result "1-0"]
[WhiteElo "1446"]
[BlackElo "582"]
[PlyCount "33"]
[EventDate "2013.03.19"]
[EventType "tourn (corr)"]
[EventRounds "4"]
[EventCountry "GER"]
[SourceTitle "Corr 2015"]
[Source "ChessBase"]
[SourceDate "2015.07.17"]
[SourceVersion "1"]
[SourceVersionDate "2015.07.17"]
[SourceQuality "1"]

1. c4 Nf6 2. Nc3 e6 3. e4 Ng4 4. Qxg4 Nc6 5. Qg3 Nd4 6. Bd3 Qf6 7. Qxc7 Nc6 8. Nf3 Bc5 9. e5 Qe7 10. Ne4 Nd4 11. Nxd4 Bxd4 12. Nd6+ Kf8 13. Nxc8 Bxf2+ 14. Kxf2 Qh4+ 15. g3 Qd4+ 16. Kg2 Qxd3 17. Qd8# 1-0

[Event "OP-2013-0-02690"]
[Site "LSS email"]
[Date "2013.03.17"]
[Round "?"]
[White "Lelito, Jerzy"]
[Black "Lindstrom, Timothy"]
[Result "1-0"]
[WhiteElo "1516"]
[BlackElo "1446"]
[PlyCount "97"]
[EventDate "2013.03.12"]
[EventType "tourn (corr)"]
[EventRounds "4"]
[EventCountry "GER"]
[SourceTitle "Telechess CBM 161"]
[Source "ChessBase"]
[SourceDate "2014.07.16"]
[SourceVersion "1"]
[SourceVersionDate "2014.07.16"]
[SourceQuality "1"]

1. e4 c5 2. Nf3 d6 3. d4 cxd4 4. Nxd4 Nf6 5. Nc3 a6 6. Be3 e6 7. f3 Nc6 8. Qd2 Be7 9. 0-0-0 Nxd4 10. Qxd4 e5 11. Qd2 Be6 12. Kb1 Rc8 13. g4 h6 14. h4 Qa5 15. Be2 Rxc3 16. Qxc3 Qxa2+ 17. Kc1 d5 18. Bc5 d4 19. Qb4 Bxc5 20. Qxc5 Qa1+ 21. Kd2 Qxb2 22. Rb1 Qc3+ 23. Qxc3 dxc3+ 24. Kxc3 b5 25. Ra1 Bc8 26. Kb4 h5 27. g5 Nd7 28. c4 bxc4 29. Bxc4 Nb8 30. Rhb1 Ke7 31. Kc5 Nd7+ 32. Kc6 Nf8 33. Rb8 Bd7+ 34. Kb6 Ng6 35. Rxh8 Nxh8 36. Rxa6 Ng6 37. Ra7 Nxh4 38. Bb5 Nxf3 39. Rxd7+ Ke6 40. g6 fxg6 41. Rxg7 Kf6 42. Rg8 Ng5 43. Be8 Nxe4 44. Bxg6 Ng3 45. Bb1 h4 46. Rg6+ Ke7 47. Rg4 Kf6 48. Rxh4 Kg5 49. Rb4 1-0

[Event "ZL-2013-0-01255"]
[Site "LSS email"]
[Date "2013.02.14"]
[Round "?"]
[White "Laureles, Raymundo"]
[Black "Lindstrom, Timothy"]
[Result "0-1"]
[WhiteElo "1022"]
[BlackElo "1446"]
[PlyCount "102"]
[EventDate "2013.02.06"]
[EventType "match (corr)"]
[EventRounds "2"]
[EventCountry "GER"]
[SourceTitle "Telechess CBM 161"]
[Source "ChessBase"]
[SourceDate "2014.07.16"]
[SourceVersion "1"]
[SourceVersionDate "2014.07.16"]
[SourceQuality "1"]

1. e4 e5 2. Nf3 Nc6 3. Bb5 a6 4. Bxc6 dxc6 5. 0-0 Bd6 6. d4 Bg4 7. dxe5 Bxf3 8. Qxf3 Bxe5 9. Rd1 Qh4 10. g3 Qf6 11. Qb3 b6 12. Na3 b5 13. c4 Ne7 14. cxb5 cxb5 15. Nc2 c6 16. a4 0-0 17. axb5 cxb5 18. Rd7 Rfd8 19. Qd3 Nc6 20. h4 Rxd7 21. Qxd7 Nd4 22. Bg5 Nf3+ 23. Kg2 Nxg5 24. hxg5 Qd6 25. Qb7 Rb8 26. Qa7 Qc6 27. Ne3 Qxe4+ 28. Kh2 Qf3 29. Kg1 Ra8 30. Qb6 Qe4 31. Rxa6 Rb8 32. Qa7 Qb1+ 33. Kh2 Qxb2 34. Ng4 Rf8 35. Qb7 Bd4 36. Kg2 Qe2 37. Qd7 Qe4+ 38. Kh2 b4 39. Rd6 Bc5 40. Rd5 b3 41. Rxc5 b2 42. Rc8 b1Q 43. Rxf8+ Kxf8 44. Qd8+ Qe8 45. Qd6+ Kg8 46. Ne3 Qe1 47. Kg2 Qa8+ 48. Nd5 Qe4+ 49. Kh3 Qh1+ 50. Kg4 Qc8+ 51. Kf4 Qc4+ 0-1

[Event "SE-2012-0-00118"]
[Site "LSS email"]
[Date "2012.09.19"]
[Round "?"]
[White "Lindstrom, Timothy"]
[Black "Grimm, Wolfgang"]
[Result "1-0"]
[WhiteElo "1383"]
[BlackElo "1202"]
[PlyCount "45"]
[EventDate "2012.08.02"]
[EventType "tourn (corr)"]
[EventRounds "6"]
[EventCountry "GER"]
[SourceTitle "Telechess CBM 159"]
[Source "ChessBase"]
[SourceDate "2014.03.17"]
[SourceVersion "1"]
[SourceVersionDate "2014.03.17"]
[SourceQuality "1"]

1. c4 c5 2. Nc3 Nc6 3. Nf3 e5 4. g3 Nf6 5. Bg2 Be7 6. d3 0-0 7. 0-0 d6 8. Bg5 h6 9. Bxf6 Bxf6 10. e3 Bf5 11. Nd5 Nb4 12. Nxb4 cxb4 13. Qb3 a5 14. Nd2 Qc7 15. Bd5 Rad8 16. Ne4 Be7 17. a3 bxa3 18. bxa3 Rb8 19. f4 Bh3 20. Rf2 exf4 21. Rxf4 Be6 22. Qb5 g6 23. Raf1 1-0

[Event "OP-2012-0-02376"]
[Site "LSS email"]
[Date "2012.08.27"]
[Round "?"]
[White "Lindstrom, Timothy"]
[Black "Molina, Vicente Andres"]
[Result "1-0"]
[WhiteElo "1379"]
[BlackElo "830"]
[PlyCount "87"]
[EventDate "2012.08.24"]
[EventType "tourn (corr)"]
[EventRounds "4"]
[EventCountry "GER"]
[SourceTitle "Telechess CBM 165"]
[Source "ChessBase"]
[SourceDate "2015.03.11"]
[SourceVersion "1"]
[SourceVersionDate "2015.03.11"]
[SourceQuality "1"]

1. e4 c5 2. Nf3 d6 3. d4 cxd4 4. Nxd4 Nf6 5. f3 a6 6. Nc3 e5 7. Nb3 Be6 8. Nd5 Nbd7 9. Be3 Bxd5 10. exd5 b5 11. a4 bxa4 12. Rxa4 Be7 13. Bxa6 0-0 14. c4 e4 15. 0-0 Ne5 16. Nd4 exf3 17. Nxf3 Nfd7 18. Nxe5 Nxe5 19. b4 Bf6 20. c5 dxc5 21. Bxc5 Re8 22. Bb5 Rxa4 23. Qxa4 Nd7 24. Bxd7 Re4 25. Qc2 Bd4+ 26. Bxd4 Rxd4 27. Rd1 Rxd1+ 28. Qxd1 Qxd7 29. Qd4 g6 30. d6 h6 31. Qe5 Qa7+ 32. Kf1 Qa6+ 33. b5 Qc8 34. Qd5 Qc1+ 35. Ke2 Qc2+ 36. Ke3 Qc1+ 37. Kd3 Qd1+ 38. Kc4 Qc2+ 39. Kb4 Qb2+ 40. Kc5 Qa3+ 41. Kb6 Qe3+ 42. Kb7 Kg7 43. d7 Qe7 44. Kc8 1-0

[Event "OP-2012-0-02376"]
[Site "LSS email"]
[Date "2012.08.27"]
[Round "?"]
[White "Willmann, Bernd"]
[Black "Lindstrom, Timothy"]
[Result "1-0"]
[WhiteElo "1676"]
[BlackElo "1379"]
[PlyCount "89"]
[EventDate "2012.08.24"]
[EventType "tourn (corr)"]
[EventRounds "4"]
[EventCountry "GER"]
[SourceTitle "Telechess CBM 165"]
[Source "ChessBase"]
[SourceDate "2015.03.11"]
[SourceVersion "1"]
[SourceVersionDate "2015.03.11"]
[SourceQuality "1"]

1. d4 Nf6 2. c4 g6 3. Nc3 Bg7 4. e4 d6 5. Nf3 0-0 6. Be2 Na6 7. 0-0 c5 8. d5 e6 9. Bg5 h6 10. Be3 Ng4 11. Bd2 Re8 12. h3 Nf6 13. Bd3 exd5 14. exd5 Qb6 15. b3 Nb4 16. Bb1 Bd7 17. Kh1 Re7 18. a3 Na6 19. Bd3 Rae8 20. Qc2 Nc7 21. Rfb1 Nh5 22. Bxg6 fxg6 23. Qxg6 Nf6 24. Bxh6 Nh7 25. Ne4 Rf8 26. Re1 Bf5 27. Qg3 Ne8 28. Nf6+ Rxf6 29. Rxe7 Rxh6 30. Rxe8+ Nf8 31. Nh4 Rxh4 32. Qxh4 Bg6 33. Rxf8+ Kxf8 34. Re1 Qc7 35. Qg5 Bf7 36. h4 Be5 37. f4 Bc3 38. Re2 Qd7 39. h5 Bh8 40. h6 Bg8 41. g4 Bh7 42. f5 Be5 43. Rxe5 dxe5 44. d6 e4 45. Qf6+ 1-0

[Event "SE-2012-0-00116"]
[Site "LSS email"]
[Date "2012.08.13"]
[Round "?"]
[White "Van de Peut, Aart A"]
[Black "Lindstrom, Timothy"]
[Result "0-1"]
[WhiteElo "1394"]
[BlackElo "1368"]
[PlyCount "82"]
[EventDate "2012.07.11"]
[EventType "tourn (corr)"]
[EventRounds "6"]
[EventCountry "GER"]
[SourceTitle "Telechess CBM 159"]
[Source "ChessBase"]
[SourceDate "2014.03.17"]
[SourceVersion "1"]
[SourceVersionDate "2014.03.17"]
[SourceQuality "1"]

1. d4 Nf6 2. c4 g6 3. Nc3 Bg7 4. e4 d6 5. Nf3 0-0 6. Be2 c5 7. 0-0 cxd4 8. Nxd4 Nc6 9. Be3 a6 10. f3 Ne8 11. Nxc6 bxc6 12. Qd2 f5 13. c5 Qa5 14. cxd6 Nxd6 15. Bg5 Rf7 16. Rad1 fxe4 17. fxe4 Rxf1+ 18. Kxf1 Bxc3 19. bxc3 Nxe4 20. Qd8+ Qxd8 21. Rxd8+ Kf7 22. Bh6 Bb7 23. Rxa8 Bxa8 24. Bxa6 Nxc3 25. Be3 e5 26. Bc5 Ke6 27. Bc4+ Kd7 28. g3 Ne4 29. Be3 c5 30. Bg8 Nf6 31. Bc4 Kd6 32. Ke2 Bd5 33. Kd3 Ng4 34. Bg1 e4+ 35. Kc3 Ne5 36. Bxd5 Kxd5 37. Be3 Ng4 38. Bg1 e3 39. Kd3 c4+ 40. Kc3 Nf2 41. a4 Ne4+ 0-1

[Event "OP-2012-0-02340"]
[Site "LSS email"]
[Date "2012.08.06"]
[Round "?"]
[White "Lindstrom, Timothy"]
[Black "Neumann, Frank"]
[Result "1-0"]
[WhiteElo "1379"]
[BlackElo "602"]
[PlyCount "71"]
[EventDate "2012.08.03"]
[EventType "tourn (corr)"]
[EventRounds "4"]
[EventCountry "GER"]
[SourceTitle "Telechess CBM 165"]
[Source "ChessBase"]
[SourceDate "2015.03.11"]
[SourceVersion "1"]
[SourceVersionDate "2015.03.11"]
[SourceQuality "1"]

1. e4 c5 2. Nc3 e6 3. Nge2 Nf6 4. d4 cxd4 5. Nxd4 Be7 6. e5 Nd5 7. Nxd5 0-0 8. Nxe7+ Qxe7 9. Bd3 Nc6 10. Qh5 g6 11. Nxc6 bxc6 12. Qg5 Qxg5 13. Bxg5 Rb8 14. b3 a5 15. 0-0 Bb7 16. Rad1 c5 17. Be7 Rfe8 18. Bxc5 Bc6 19. Bd6 Rb6 20. Bc7 Rb7 21. Bxa5 Ra8 22. b4 Kg7 23. c4 f6 24. f4 fxe5 25. fxe5 Re8 26. Be2 Rf8 27. Rxf8 Kxf8 28. b5 Be4 29. Bb4+ Kf7 30. Rf1+ Kg7 31. a4 d5 32. exd6 Rd7 33. c5 Bc2 34. c6 Rd8 35. c7 Rc8 36. d7 1-0

[Event "OP-2012-0-02340"]
[Site "LSS email"]
[Date "2012.08.06"]
[Round "?"]
[White "Molina, Vicente Andres"]
[Black "Lindstrom, Timothy"]
[Result "0-1"]
[WhiteElo "830"]
[BlackElo "1379"]
[PlyCount "74"]
[EventDate "2012.08.03"]
[EventType "tourn (corr)"]
[EventRounds "4"]
[EventCountry "GER"]
[SourceTitle "Telechess CBM 165"]
[Source "ChessBase"]
[SourceDate "2015.03.11"]
[SourceVersion "1"]
[SourceVersionDate "2015.03.11"]
[SourceQuality "1"]

1. e4 e5 2. Nf3 Nc6 3. Bc4 Nf6 4. Qe2 d6 5. c3 Be7 6. d4 exd4 7. Nxd4 Ne5 8. Bb3 0-0 9. 0-0 Re8 10. f3 Ng6 11. Be3 d5 12. Nd2 c5 13. Nb5 a6 14. Na3 d4 15. cxd4 cxd4 16. Bf2 Nf4 17. Qc4 Be6 18. Qc2 Rc8 19. Qd1 d3 20. Bxe6 Nxe6 21. Nac4 Nd4 22. Kh1 Bb4 23. a3 Bxd2 24. Qxd2 Nb3 25. Qb4 Nxa1 26. Rxa1 Rxe4 27. fxe4 Nxe4 28. Bb6 Qf6 29. Rd1 Qh6 30. Ne5 Ng3+ 31. Kg1 Rc1 32. Nd7 Rxd1+ 33. Kf2 Nh1+ 34. Kf3 Rf1+ 35. Ke4 Rf4+ 36. Kxd3 Rxb4 37. axb4 Qd6+ 0-1